Score 0/67 Timer 10:00
0 Plays Today
Prime Minister University % Correct
Earl of WilmingtonUniversity of Oxford
99.2%
Henry PelhamUniversity of Oxford
99.2%
George GrenvilleUniversity of Oxford
99.2%
Earl of ChathamUniversity of Oxford
99.2%
Lord NorthUniversity of Oxford
99.2%
Earl of ShelbourneUniversity of Oxford
99.2%
Duke of PortlandUniversity of Oxford
99.2%
Henry AddingtonUniversity of Oxford
99.2%
Lord GrenvilleUniversity of Oxford
99.2%
Duke of PortlandUniversity of Oxford
99.2%
Earl of LiverpoolUniversity of Oxford
99.2%
George CanningUniversity of Oxford
99.2%
Sir Robert PeelUniversity of Oxford
99.2%
Sir Robert PeelUniversity of Oxford
99.2%
Earl of DerbyUniversity of Oxford
99.2%
Earl of DerbyUniversity of Oxford
99.2%
Earl of DerbyUniversity of Oxford
99.2%
William GladstoneUniversity of Oxford
99.2%
William GladstoneUniversity of Oxford
99.2%
Marquis of SalisburyUniversity of Oxford
99.2%
William GladstoneUniversity of Oxford
99.2%
William GladstoneUniversity of Oxford
99.2%
Marquis of SalisburyUniversity of Oxford
99.2%
Earl of RoseberyUniversity of Oxford
99.2%
Marquis of SalisburyUniversity of Oxford
99.2%
Herbert AsquithUniversity of Oxford
99.2%
Clement AttleeUniversity of Oxford
99.2%
Sir Anthony EdenUniversity of Oxford
99.2%
Harold MacmillanUniversity of Oxford
99.2%
Sir Alec Douglas-HomeUniversity of Oxford
99.2%
Harold WilsonUniversity of Oxford
99.2%
Harold WilsonUniversity of Oxford
99.2%
Edward HeathUniversity of Oxford
99.2%
Margaret ThatcherUniversity of Oxford
99.2%
Prime Minister University % Correct
Tony BlairUniversity of Oxford
99.2%
David CameronUniversity of Oxford
99.2%
Robert WalpoleUniversity of Cambridge
99.1%
Duke of NewcastleUniversity of Cambridge
99.1%
Duke of NewcastleUniversity of Cambridge
99.1%
Marquis of RockinghamUniversity of Cambridge
99.1%
Duke of GraftonUniversity of Cambridge
99.1%
Marquis of RockinghamUniversity of Cambridge
99.1%
William Pitt the YoungerUniversity of Cambridge
99.1%
William Pitt the YoungerUniversity of Cambridge
99.1%
Spencer PercevalUniversity of Cambridge
99.1%
Viscount GoderichUniversity of Cambridge
99.1%
Earl GreyUniversity of Cambridge
99.1%
Viscount MelbourneUniversity of Cambridge
99.1%
Viscount MelbourneUniversity of Cambridge
99.1%
Earl of AberdeenUniversity of Cambridge
99.1%
Viscount PalmerstonUniversity of Cambridge
99.1%
Viscount PalmerstonUniversity of Cambridge
99.1%
Arthur BalfourUniversity of Cambridge
99.1%
Sir Henry Campbell-BannermanUniversity of Cambridge
99.1%
Stanley BaldwinUniversity of Cambridge
99.1%
Stanley BaldwinUniversity of Cambridge
99.1%
Stanley BaldwinUniversity of Cambridge
99.1%
Lord John RussellUniversity of Edinburgh
79%
Earl RussellUniversity of Edinburgh
79%
Gordon BrownEdinburgh University
79%
Ramsay MacDonaldUniversity of London
58.5%
Ramsay MacDonaldUniversity of London
58.5%
Andrew Bonar LawUniversity of Glasgow
55.5%
Neville ChamberlainUniversity of Birmingham
40.2%
Sir Winston ChurchillRoyal Military Academy Sandhurst
29.6%
Sir Winston ChurchillRoyal Military Academy Sandhurst
29.6%
Earl of ButeLeiden University
13.1%
Remove Ads.
Support Sporcle.
Get the best of Sporcle when you Go Orange. This ad-free experience offers more features, more stats, and more fun while also helping to support Sporcle. Thank you for becoming a member.

You're not logged in!

Compare scores with friends on all Sporcle quizzes.
OR
Log In

Show Comments

Extras

Top Quizzes Today


Score Distribution

Your Account Isn't Verified!

In order to create a playlist on Sporcle, you need to verify the email address you used during registration. Go to your Sporcle Settings to finish the process.

Report this User

Report this user for behavior that violates our Community Guidelines.

Details: